000 01013nam a2200241Ia 4500
001 18290
003 GE_BSU
008 181216s||||||||xx |||||||||||||| ||und||
020 _a978-9941-9134-0-2
040 _cGE_BSU
080 _a33(031)+33(038)
100 _aასათიანი, როზეტა
245 _aთანამედროვე ეკონომიკის ენციკლოპედიური ლექსიკონი
245 _cსარედ. კოლ.: ვლადიმერ პაპავა, სილაგაძე ა., ჭითანავა ნ. ჯიბუტი მ. და სხვ.
260 _aთბილისი
260 _bსიახლე
260 _c2012
300 _a515 გვ. ; 22 სმ
541 _h28ლ.
653 _aეკონომიკა
653 _aთანამედროვე ეკონომიკის ენციკლოპედიური ლექსიკონი
942 _cBK
999 _c51321
_d51321